[Event "AUTO-MASTER-3117"]
[Site "http://www.queenalice.com/game.php?id=1829793"]
[Date "2024.1.20"]
[Round "2"]
[White "suenteus_po_147"]
[Black "bishop55"]
[Result "0-1"]
[WhiteElo "2031"]
[BlackElo "2481"]

1. e4 c5 2. Nf3 d6 3. d4 cxd4 4. Nxd4 Nf6 5. Nc3 a6 6. Be2 e5 7. Nb3 Be7 8. Bg5
Be6 9. Bxf6 Bxf6 10. Qd3 Be7 11. Nd5 Nd7 12. O-O-O Bxd5 13. Qxd5 Qc7 14. Bc4 O-O
15. Qd3 Nf6 16. Qe2 b5 17. Bd3 a5 18. Bxb5 a4 19. Na1 a3 20. Nb3 axb2+ 21. Kxb2
d5 22. exd5 Ba3+ 23. Kb1 Qc3 0-1

[Event "AUTO-MASTER-3117"]
[Site "http://www.queenalice.com/game.php?id=1829794"]
[Date "2024.1.20"]
[Round "2"]
[White "bishop55"]
[Black "suenteus_po_147"]
[Result "1-0"]
[WhiteElo "2480"]
[BlackElo "2080"]

1. e4 e5 2. Nf3 Nc6 3. Bb5 a6 4. Ba4 Nf6 5. O-O Be7 6. Re1 b5 7. Bb3 O-O 8. h3
Bb7 9. d3 d5 10. exd5 Nxd5 11. a4 Nd4 12. Nbd2 Nxb3 13. Nxb3 f6 14. Na5 Qc8 15.
Nxb7 Qxb7 16. Nh4 Bc5 17. Nf5 Nf4 18. Qg4 c6 19. Bxf4 exf4 20. d4 Bb6 21. Re7
1-0

[Event "AUTO-OPEN-4379"]
[Site "http://www.queenalice.com/game.php?id=1829800"]
[Date "2024.1.20"]
[Round "3"]
[White "zhiii00"]
[Black "bishop55"]
[Result "0-1"]
[WhiteElo "2303"]
[BlackElo "2461"]

1. d4 Nf6 2. c4 e6 3. Nc3 d5 4. Nf3 Bb4 5. e3 O-O 6. a3 Bxc3+ 7. bxc3 c5 8. cxd5
exd5 9. Bb2 c4 10. Be2 Nc6 11. O-O Re8 12. Qc2 Ne4 13. Rae1 Bf5 14. Qc1 Re6 15.
Nd2 Qh4 16. g3 Qh3 17. Nxe4 Rh6 0-1

[Event "AUTO-OPEN-4379"]
[Site "http://www.queenalice.com/game.php?id=1829801"]
[Date "2024.1.20"]
[Round "3"]
[White "bishop55"]
[Black "zhiii00"]
[Result "1-0"]
[WhiteElo "2466"]
[BlackElo "2296"]

1. e4 c5 2. Nf3 Nc6 3. Bb5 e6 4. O-O Nge7 5. c3 a6 6. Ba4 b5 7. Bc2 Bb7 8. Re1
d5 9. a4 b4 10. d4 cxd4 11. cxd4 dxe4 12. Bxe4 Nd5 13. Bg5 Be7 14. Bxe7 Ncxe7
15. Nbd2 Rc8 16. Nb3 Qb6 17. Nc5 h6 18. Ne5 Rc7 19. Qf3 1-0

[Event "AUTO-OPEN-4379"]
[Site "http://www.queenalice.com/game.php?id=1829804"]
[Date "2024.1.20"]
[Round "3"]
[White "cerenzo72"]
[Black "bishop55"]
[Result "0-1"]
[WhiteElo "2191"]
[BlackElo "2476"]

1. e4 c5 2. Nf3 d6 3. d4 cxd4 4. Nxd4 Nf6 5. Nc3 a6 6. Be2 e5 7. Nb3 Be7 8. O-O
Be6 9. f4 O-O 10. f5 Bd7 11. a4 Bc6 12. Bf3 b5 13. axb5 axb5 14. Rxa8 Bxa8 15.
Qd3 b4 16. Na2 Nbd7 17. Nxb4 Qb6+ 18. Be3 Qxb4 19. c4 Bxe4 20. Bxe4 Nxe4 21.
Qxe4 Qxb3 0-1

[Event "AUTO-OPEN-4379"]
[Site "http://www.queenalice.com/game.php?id=1829805"]
[Date "2024.1.20"]
[Round "3"]
[White "bishop55"]
[Black "cerenzo72"]
[Result "1-0"]
[WhiteElo "2471"]
[BlackElo "2198"]

1. e4 e5 2. Nf3 d6 3. d4 exd4 4. Nxd4 Nf6 5. Nc3 Be7 6. Bf4 O-O 7. Qd2 Nc6 8.
O-O-O Nxd4 9. Qxd4 a6 10. e5 dxe5 11. Qxe5 Bd6 12. Qd4 Bxf4+ 13. Qxf4 Qe7 14.
Bc4 c6 15. Rhe1 Qc5 16. Re5 Qb6 17. Ne4 Nxe4 18. Qxf7+ Rxf7 19. Re8# 1-0

[Event "AUTO-ELITE-2521"]
[Site "http://www.queenalice.com/game.php?id=1830705"]
[Date "2024.2.1"]
[Round "1"]
[White "bishop55"]
[Black "raulzampronha"]
[Result "1-0"]
[WhiteElo "2442"]
[BlackElo "2289"]

1. e4 c5 2. Nf3 e6 3. d4 cxd4 4. Nxd4 Nf6 5. Nc3 d6 6. g4 h6 7. Rg1 Nc6 8. Be3
d5 9. Bb5 Bd7 10. exd5 exd5 11. Qe2 Be7 12. O-O-O Rc8 13. h4 1-0

[Event "AUTO-ELITE-2521"]
[Site "http://www.queenalice.com/game.php?id=1830706"]
[Date "2024.2.1"]
[Round "1"]
[White "raulzampronha"]
[Black "bishop55"]
[Result "0-1"]
[WhiteElo "2419"]
[BlackElo "2511"]

1. d4 Nf6 2. c4 e6 3. Nf3 d5 4. g3 Bb4+ 5. Bd2 Be7 6. Bg2 O-O 7. O-O c6 8. Qc2
Nbd7 9. Rd1 b6 10. b3 h6 11. cxd5 cxd5 12. Nc3 Bb7 13. Qb2 Nb8 14. Ne5 Nc6 15.
Rac1 Rc8 16. Bf4 Qe8 17. Nxc6 Rxc6 18. h3 Qd7 19. Nb1 Rfc8 20. Rxc6 Rxc6 21. Rc1
b5 22. Rxc6 Qxc6 23. Nd2 g5 24. Bb8 a5 25. Nf3 b4 26. g4 Ne4 27. Ne5 Qc8 28. Ba7
Ba6 29. Bxe4 dxe4 30. Qb1 Qb7 31. Bc5 Bxc5 32. dxc5 Qd5 33. Nc4 Bxc4 34. bxc4
Qxc4 35. e3 Qxc5 36. Qxe4 Kg7 0-1

[Event "AUTO-ELITE-2459"]
[Site "http://www.queenalice.com/game.php?id=1833773"]
[Date "2024.3.19"]
[Round "2"]
[White "trompmaster"]
[Black "bishop55"]
[Result "0-1"]
[WhiteElo "2400"]
[BlackElo "2534"]

1. Nf3 d5 2. c4 e6 3. g3 dxc4 4. Qa4+ Nd7 5. Bg2 a6 6. Qxc4 b5 7. Qc6 Rb8 8. Qc2
c5 9. O-O Bb7 10. d3 Bd6 11. Nc3 Ngf6 12. a4 Qb6 13. Ne4 Nxe4 14. dxe4 O-O 15.
Rd1 Ne5 16. Bd2 Rfc8 17. Rac1 c4 18. a5 Qc7 19. Nxe5 Bxe5 20. Bb4 Rd8 21. e3
Rbc8 22. Qe2 Bd6 23. Qe1 h6 24. h4 e5 25. Bh3 Bxb4 26. Qxb4 Bxe4 27. Bxc8 Rxd1+
28. Rxd1 Qxc8 29. Kh2 Qg4 30. Qe1 Qf3 31. Rd8+ Kh7 32. Qf1 b4 33. Rc8 Bc6 34.
Rb8 c3 35. bxc3 bxc3 36. Rb1 c2 37. Rc1 Be4 38. Re1 Kg8 39. Rc1 Kh7 40. Re1 g5
41. Ra1 Kg7 42. Re1 gxh4 43. gxh4 Kf8 44. Rc1 Ke7 45. Ra1 h5 46. Rc1 f6 47. Ra1
Qg4 48. Qh3 Qd1 49. Qf1 Qxf1 50. Rxf1 Kd6 51. Kg1 Kc5 52. Rc1 Kb4 53. Kf1 Kc3
54. Ke1 Bf3 0-1

[Event "AUTO-ELITE-2459"]
[Site "http://www.queenalice.com/game.php?id=1833774"]
[Date "2024.3.19"]
[Round "2"]
[White "bishop55"]
[Black "trompmaster"]
[Result "1-0"]
[WhiteElo "2528"]
[BlackElo "2412"]

1. e4 d6 2. d4 Nf6 3. Nc3 e5 4. Nf3 Nbd7 5. Bc4 h6 6. O-O c6 7. a4 Qc7 8. h3 Be7
9. Nh4 exd4 10. Qxd4 Ne5 11. Ba2 Qb6 12. Qxb6 axb6 13. f4 Ned7 14. Nf5 Nc5 15.
Nxe7 Kxe7 16. e5 Nfe4 17. exd6+ Nxd6 18. Re1+ Be6 19. Bxe6 fxe6 20. Be3 Rhf8 21.
b3 h5 22. a5 Nd7 23. axb6 Rxa1 24. Rxa1 g6 25. Ra7 Nf5 26. Bc1 Nd6 27. Na4 c5
28. c4 Rc8 29. Be3 Kf6 30. Bf2 Ke7 31. Kf1 Kf6 32. Bh4+ Kf7 33. Ke2 e5 34. fxe5
Nxe5 35. Bf2 Nd7 36. Bg3 Ke7 37. Bxd6+ Kxd6 38. Rxb7 Kc6 39. Ra7 h4 40. Kd3 Rd8
41. Kc3 Rb8 42. b4 cxb4+ 43. Kxb4 Nxb6 44. Ra6 Kc7 45. Rxb6 Rxb6+ 46. Nxb6 Kxb6
47. c5+ Kc7 48. Kc4 Kc6 49. Kd4 g5 50. Ke4 1-0

[Event "kasker -2"]
[Site "http://www.queenalice.com/game.php?id=1838801"]
[Date "2024.6.17"]
[Round "1"]
[White "bishop55"]
[Black "acid"]
[Result "1/2-1/2"]
[WhiteElo "2539"]
[BlackElo "2728"]

1. e4 c5 2. Nf3 Nc6 3. Bb5 e6 4. Bxc6 bxc6 5. d3 Qc7 6. O-O Ne7 7. h4 h6 8. Nbd2
e5 9. Nc4 d6 10. Re1 Be6 11. c3 g5 12. hxg5 Ng6 13. Rb1 Rd8 14. Ne3 hxg5 15.
Nxg5 Bc8 16. Ng4 Qe7 17. f3 Bg7 18. Nh3 Qh4 19. Be3 a5 20. Qe2 Be6 21. Bf2 Qh5
22. Bg3 Nh4 23. Nhf2 f5 24. exf5 Nxf5 25. Bh2 Kf7 26. a3 a4 27. Qe4 Bd5 28. Qxa4
Ra8 29. Qc2 Bh6 30. Ne4 Rag8 1/2-1/2

[Event "AUTO-ELITE-2546"]
[Site "http://www.queenalice.com/game.php?id=1840314"]
[Date "2024.7.16"]
[Round "1"]
[White "mikex"]
[Black "bishop55"]
[Result "0-1"]
[WhiteElo "2432"]
[BlackElo "2556"]

1. e4 c5 2. Nf3 d6 3. d4 cxd4 4. Nxd4 Nf6 5. Nc3 a6 6. Be3 e5 7. Nb3 Be6 8. f3
h5 9. Qd2 Nbd7 10. Nd5 Bxd5 11. exd5 g6 12. Be2 Bg7 13. O-O b6 14. c4 O-O 15.
Rae1 Re8 16. Bf2 Qc7 17. Bd3 Rac8 18. h3 Nh7 19. a4 Nc5 20. Nxc5 bxc5 21. b4
cxb4 22. Qxb4 Nf6 23. Bb6 Qe7 24. f4 e4 25. a5 h4 26. Bb1 Nh5 27. Rxe4 Qf6 28.
Rxe8+ Rxe8 29. c5 Ng3 30. cxd6 Bf8 0-1

[Event "AUTO-ELITE-2546"]
[Site "http://www.queenalice.com/game.php?id=1840315"]
[Date "2024.7.16"]
[Round "1"]
[White "bishop55"]
[Black "mikex"]
[Result "1-0"]
[WhiteElo "2562"]
[BlackElo "2426"]

1. d4 Nf6 2. c4 e6 3. Nf3 d5 4. Nc3 c6 5. Bg5 h6 6. Bxf6 Qxf6 7. e3 Nd7 8. Be2
g6 9. O-O Bg7 10. cxd5 exd5 11. b4 a6 12. a4 O-O 13. b5 Qd6 14. bxc6 bxc6 15. a5
c5 16. Qb3 c4 17. Qa3 Qe6 18. Rab1 Ra7 19. Qa2 Bb7 20. g3 Bc6 21. Ne1 Nf6 22.
Ng2 g5 23. Qc2 Rd8 24. h4 Bf8 25. Rb6 Rb7 26. Rxb7 Bxb7 27. Rb1 Bc8 28. Rb6 Rd6
29. Rb8 Qh3 30. Qb1 Kg7 31. Ra8 1-0